000 00635nam a22001457a 4500
020 _a978-93-86531-49-0
082 _a823
_bKAN/H
100 _aKANAKARAGHAVAN
245 _aKEY TO HAPPINESS
_bILLUSTRATED AESOP FABLES
260 _aTHRISSUR
_bH & C PUBLISHING HOUSE
_c2023
300 _a48
520 _aIn The Key to Happiness he shares the scientific results of this quest, identifying the six building blocks of happiness; togetherness, money, health, kindness, trust and freedom. By incorporating a healthy balance of all six, each of us can live happier, more purposeful and satisfied lives.
650 _aSHORT STORY
942 _cBK
999 _c6842
_d6842